[Event "Udmurtia-ch"]
[Site "Izhevsk"]
[Date "2008.12.19"]
[Round "9"]
[White "Nesterov, Alexander"]
[Black "Bronnikov, Konstantin Alexandr"]
[Result "1-0"]
[WhiteElo "2366"]
[BlackElo "2285"]
[PlyCount "81"]
[EventDate "2008.12.12"]
[EventType "tourn"]
[EventRounds "11"]
[EventCountry "RUS"]
[SourceTitle "EXT 2010"]
[Source "ChessBase"]
[SourceDate "2010.11.25"]
[SourceVersion "1"]
[SourceVersionDate "2010.11.25"]
[SourceQuality "1"]

1. d4 d5 2. c4 e6 3. Nc3 c6 4. e3 Nf6 5. Bd3 Nbd7 6. a3 dxc4 7. Bxc4 b5 8. Ba2 Bb7 9. Nf3 a5 10. 0-0 Be7 11. e4 b4 12. e5 bxc3 13. exf6 Bxf6 14. bxc3 0-0 15. Rb1 Qc8 16. Qb3 Ba6 17. Re1 c5 18. Bf4 Rd8 19. Re3 a4 20. Qb2 Nf8 21. Rd1 cxd4 22. cxd4 Bb7 23. Rc3 Qd7 24. Rc7 Bxf3 25. Rxd7 Bxd1 26. Rxd8 Rxd8 27. Be3 Be7 28. h3 Ng6 29. Bb1 Bb3 30. Qc1 Bd6 31. Be4 Ne7 32. Qb2 Nd5 33. Bxd5 Bxd5 34. Qb6 Rd7 35. Qa6 Rd8 36. Qxa4 Ra8 37. Qd7 Bxa3 38. Bd2 Bb2 39. Be3 h6 40. Kh2 f6 41. h4 1-0

[Event "Udmurtia-ch"]
[Site "Izhevsk"]
[Date "2008.12.18"]
[Round "8"]
[White "Gainullin, Yakov"]
[Black "Nesterov, Alexander"]
[Result "0-1"]
[WhiteElo "2017"]
[BlackElo "2366"]
[PlyCount "46"]
[EventDate "2008.12.12"]
[EventType "tourn"]
[EventRounds "11"]
[EventCountry "RUS"]
[SourceTitle "EXT 2010"]
[Source "ChessBase"]
[SourceDate "2010.11.25"]
[SourceVersion "1"]
[SourceVersionDate "2010.11.25"]
[SourceQuality "1"]

1. e4 e6 2. d4 d5 3. Nd2 Be7 4. c3 c5 5. exd5 Qxd5 6. Ngf3 cxd4 7. Nxd4 Bd7 8. Bd3 Nf6 9. N2f3 e5 10. c4 Qa5+ 11. Bd2 Qb6 12. Nf5 e4 13. Nxg7+ Kf8 14. Bh6 Ng4 15. Ne6+ Ke8 16. Ng7+ Kd8 17. 0-0 exf3 18. Bf4 fxg2 19. Kxg2 Rg8 20. Bxb8 Rxb8 21. Bf5 Ne5 22. Bxd7 Nxd7 23. Qg4 Qg6 0-1

[Event "Udmurtia-ch"]
[Site "Izhevsk"]
[Date "2007.12.13"]
[Round "8"]
[White "Ozolin, Maxim"]
[Black "Nesterov, Alexander"]
[Result "1-0"]
[WhiteElo "2387"]
[BlackElo "2389"]
[PlyCount "89"]
[EventDate "2007.12.06"]
[EventType "tourn"]
[EventRounds "11"]
[EventCountry "RUS"]
[SourceTitle "CBM 122 Extra"]
[Source "ChessBase"]
[SourceDate "2008.03.04"]
[SourceVersion "1"]
[SourceVersionDate "2008.03.04"]
[SourceQuality "1"]

1. e4 e6 2. d4 d5 3. Nc3 Nf6 4. e5 Nfd7 5. f4 c5 6. Nf3 Nc6 7. Be3 cxd4 8. Nxd4 Bc5 9. Qd2 a6 10. 0-0-0 0-0 11. h4 Nxd4 12. Bxd4 b5 13. Rh3 b4 14. Na4 Bxd4 15. Qxd4 a5 16. Bb5 Rb8 17. Bd3 Qc7 18. Re1 Qc6 19. b3 Ba6 20. Bxa6 Qxa6 21. Rg3 Rbc8 22. f5 Qc6 23. Re2 Kh8 24. h5 Rg8 25. Rd3 Rc7 26. g4 exf5 27. gxf5 Qh6+ 28. Rdd2 Qxh5 29. Qf4 g5 30. Qd4 Qh1+ 31. Kb2 Qh6 32. Qxd5 Qg7 33. Qxa5 Rgc8 34. f6 Qg6 35. Qxb4 h5 36. Qe4 Kh7 37. Qd4 Nf8 38. Nb6 Ne6 39. Qf2 Rd8 40. Rxd8 Nxd8 41. Nd5 Rb7 42. Ne7 Qh6 43. Qf5+ Kh8 44. Qc8 Qf8 45. Rd2 1-0

[Event "Udmurtia-ch"]
[Site "Izhevsk"]
[Date "2007.12.11"]
[Round "6"]
[White "Novoselov, Alexander"]
[Black "Nesterov, Alexander"]
[Result "1-0"]
[WhiteElo "1930"]
[BlackElo "2389"]
[PlyCount "107"]
[EventDate "2007.12.06"]
[EventType "tourn"]
[EventRounds "11"]
[EventCountry "RUS"]
[SourceTitle "CBM 122 Extra"]
[Source "ChessBase"]
[SourceDate "2008.03.04"]
[SourceVersion "1"]
[SourceVersionDate "2008.03.04"]
[SourceQuality "1"]

1. e4 e6 2. d4 d5 3. Nc3 Nf6 4. Bg5 Bb4 5. e5 h6 6. Bd2 Bxc3 7. bxc3 Ne4 8. Bd3 Nxd2 9. Qxd2 c5 10. f4 Qa5 11. Nf3 Nc6 12. a4 a6 13. c4 dxc4 14. Be4 Bd7 15. Bxc6 Qxd2+ 16. Nxd2 Bxc6 17. Nxc4 cxd4 18. Kf2 0-0 19. Rhd1 Rad8 20. Nd6 f6 21. Kg3 g5 22. Rxd4 gxf4+ 23. Kxf4 fxe5+ 24. Kxe5 Rf2 25. g4 Re2+ 26. Kf6 Rxh2 27. Re1 Rf2+ 28. Kg6 Rd7 29. Nf5 Kf8 30. Rxd7 Bxd7 31. Nxh6 Rxc2 32. Rb1 b5 33. Rf1+ Ke7 34. Ng8+ Kd6 35. axb5 Bxb5 36. Rd1+ Ke5 37. Nf6 a5 38. g5 a4 39. Nd7+ Kf4 40. Kf6 Rc7 41. Ne5 a3 42. g6 a2 43. Ra1 Ra7 44. Rxa2 Rxa2 45. g7 Rg2 46. Ng6+ Ke4 47. g8Q Bc4 48. Qa8+ Bd5 49. Qa4+ Ke3 50. Nf4 Rf2 51. Ke5 Rd2 52. Qa1 Kf2 53. Qc3 Ke1 54. Qc1+ 1-0

[Event "Udmurtia-ch"]
[Site "Izhevsk"]
[Date "2007.12.09"]
[Round "4"]
[White "Severiukhina, Zoja"]
[Black "Nesterov, Alexander"]
[Result "0-1"]
[WhiteElo "2237"]
[BlackElo "2389"]
[PlyCount "88"]
[EventDate "2007.12.06"]
[EventType "tourn"]
[EventRounds "11"]
[EventCountry "RUS"]
[SourceTitle "CBM 122 Extra"]
[Source "ChessBase"]
[SourceDate "2008.03.04"]
[SourceVersion "1"]
[SourceVersionDate "2008.03.04"]
[SourceQuality "1"]

1. e4 e6 2. d4 d5 3. Nc3 Nf6 4. e5 Nfd7 5. f4 c5 6. Nf3 Nc6 7. Be3 cxd4 8. Nxd4 Bc5 9. Qd2 a6 10. 0-0-0 Nxd4 11. Bxd4 Qc7 12. h4 0-0 13. h5 b5 14. Rh3 b4 15. Na4 Bxd4 16. Qxd4 a5 17. Bb5 Rb8 18. Bd3 Bb7 19. Re1 Rfc8 20. f5 Ba6 21. Re2 Bxd3 22. Rxd3 Qd8 23. Rg3 Rc4 24. Qf2 Qh4 25. f6 Rg4 26. Rxg4 Qxg4 27. Re3 Qxh5 28. fxg7 Qg5 29. Kb1 Nxe5 30. Rg3 Qh4 31. b3 Rc8 32. Qe3 Qe4 33. Qxe4 dxe4 34. Kc1 f5 35. Kd2 Rc7 36. Nb6 Rc6 37. Na4 Rd6+ 38. Ke2 Ng4 39. Nc5 h5 40. Rh3 Rc6 41. Nb7 Rxc2+ 42. Kd1 Rxg2 43. Rxh5 Kxg7 44. Nd8 Kf6 0-1

[Event "Udmurtia-ch"]
[Site "Izhevsk"]
[Date "2007.12.07"]
[Round "2"]
[White "Bykov, Andrei"]
[Black "Nesterov, Alexander"]
[Result "1-0"]
[WhiteElo "2279"]
[BlackElo "2389"]
[PlyCount "65"]
[EventDate "2007.12.06"]
[EventType "tourn"]
[EventRounds "11"]
[EventCountry "RUS"]
[SourceTitle "CBM 122 Extra"]
[Source "ChessBase"]
[SourceDate "2008.03.04"]
[SourceVersion "1"]
[SourceVersionDate "2008.03.04"]
[SourceQuality "1"]

1. d4 Nf6 2. c4 g6 3. Nc3 Bg7 4. e4 d6 5. Nf3 0-0 6. Be2 e5 7. 0-0 Nc6 8. d5 Ne7 9. b4 Nh5 10. Re1 f5 11. Ng5 Nf6 12. Bf3 c6 13. Bb2 h6 14. Ne6 Bxe6 15. dxe6 fxe4 16. Nxe4 Nxe4 17. Rxe4 d5 18. cxd5 cxd5 19. Rxe5 Bxe5 20. Bxe5 Kh7 21. Qe2 Qb6 22. Bb2 Rf5 23. g4 Rxf3 24. Qxf3 Qxe6 25. Kf1 Kg8 26. Qc3 d4 27. Qxd4 Kf7 28. Re1 Qa6+ 29. b5 Qxb5+ 30. Kg1 Qg5 31. Qg7+ Ke8 32. Qg8+ Kd7 33. Qe6+ 1-0

[Event "Udmurtia-ch final"]
[Site "Izhevsk"]
[Date "2006.12.21"]
[Round "8"]
[White "Fedoseev, Vladimir"]
[Black "Nesterov, Alexander"]
[Result "0-1"]
[WhiteElo "2300"]
[BlackElo "2371"]
[PlyCount "76"]
[EventDate "2006.12.15"]
[EventType "tourn"]
[EventRounds "11"]
[EventCountry "RUS"]
[EventCategory "1"]
[SourceTitle "EXT 2019"]
[Source "ChessBase"]
[SourceDate "2018.10.10"]
[SourceVersion "1"]
[SourceVersionDate "2018.10.10"]
[SourceQuality "1"]

1. d4 Nf6 2. Nf3 g6 3. Bf4 Bg7 4. e3 d6 5. Bc4 0-0 6. 0-0 h6 7. h3 Nbd7 8. Nbd2 c6 9. c3 Qe8 10. e4 e5 11. Bh2 Nh5 12. Re1 Qe7 13. Qc2 b6 14. Rad1 Bb7 15. Bf1 b5 16. Bd3 a6 17. g4 Nhf6 18. Bg3 Nh7 19. Nf1 Ng5 20. Nxg5 Qxg5 21. Nd2 Qe7 22. Nf3 c5 23. Bf1 f5 24. gxf5 gxf5 25. Nh4 f4 26. Ng6 Qg5 27. Nxf8 Rxf8 28. dxc5 fxg3 29. f3 Nxc5 30. b4 Ne6 31. Qb3 d5 32. exd5 Nf4 33. Bg2 Bc8 34. Re4 Bxh3 35. d6+ Kh8 36. Bxh3 Nxh3+ 37. Kg2 Qh5 38. Rf1 Ng5 0-1

[Event "Privolzhskogo FO-ch"]
[Site "Izhevsk"]
[Date "2005.03.21"]
[Round "6"]
[White "Konnov, Oleg"]
[Black "Nesterov, Alexander"]
[Result "1/2-1/2"]
[WhiteElo "2325"]
[BlackElo "2392"]
[PlyCount "152"]
[EventDate "2005.03.16"]
[EventType "swiss"]
[EventRounds "9"]
[EventCountry "RUS"]
[SourceTitle "CBM 105 Extra"]
[Source "ChessBase"]
[SourceDate "2005.05.01"]
[SourceVersion "1"]
[SourceVersionDate "2005.05.01"]
[SourceQuality "1"]

1. d4 Nf6 2. c4 g6 3. Nc3 Bg7 4. Nf3 0-0 5. g3 d6 6. Bg2 Nc6 7. 0-0 e5 8. d5 Ne7 9. e4 Nd7 10. Ne1 f5 11. Nd3 h6 12. Bd2 Kh7 13. Rc1 Nf6 14. b4 a5 15. a3 axb4 16. axb4 fxe4 17. Nxe4 Bf5 18. Qe2 Nxe4 19. Bxe4 Ra2 20. f3 c6 21. Rf2 Bd7 22. Qe1 cxd5 23. cxd5 Bb5 24. g4 Ra3 25. Nb2 Qb6 26. Nd1 Bf6 27. Be3 Qd8 28. Rfc2 Ba4 29. Rc3 Ra2 30. Nf2 Bh4 31. Rc7 Bb5 32. R1c2 Rxc2 33. Rxc2 Rf7 34. Qc1 Ng8 35. Rc8 Qe7 36. Qc2 Rg7 37. Bb6 Qf7 38. Rc7 Qf6 39. Kg2 Rxc7 40. Qxc7+ Qe7 41. Qb8 Nf6 42. Bd8 Qd7 43. Qc7 Qxc7 44. Bxc7 Ne8 45. Bb6 Be7 46. Nd1 Bg5 47. Be3 Bxe3 48. Nxe3 Kg7 49. Nf1 Nc7 50. h4 Na6 51. h5 gxh5 52. gxh5 Nxb4 53. Ne3 Bd7 54. Nc4 b5 55. Nxd6 Kf6 56. Kf2 Na6 57. Bd3 Nc7 58. Ne4+ Kf7 59. Nc5 Ke7 60. Be4 Bc8 61. Nd3 Kd6 62. Nb4 Bb7 63. Nc6 Bxc6 64. dxc6 Ne6 65. Ke3 Ng5 66. Bd3 b4 67. f4 Nf7 68. Bg6 exf4+ 69. Kxf4 Ng5 70. Kf5 Kxc6 71. Kf6 Kd6 72. Kg7 Ke5 73. Kxh6 Kf6 74. Bc2 Nf7+ 75. Kh7 Ng5+ 76. Kg8 Nf7 1/2-1/2

[Event "Privolzhskogo FO-ch"]
[Site "Izhevsk"]
[Date "2005.03.20"]
[Round "5"]
[White "Nesterov, Alexander"]
[Black "Rodchenkov, Vitaly"]
[Result "1-0"]
[WhiteElo "2392"]
[BlackElo "2196"]
[PlyCount "49"]
[EventDate "2005.03.16"]
[EventType "swiss"]
[EventRounds "9"]
[EventCountry "RUS"]
[SourceTitle "CBM 105 Extra"]
[Source "ChessBase"]
[SourceDate "2005.05.01"]
[SourceVersion "1"]
[SourceVersionDate "2005.05.01"]
[SourceQuality "1"]

1. d4 Nf6 2. c4 c5 3. d5 Ne4 4. f3 Qa5+ 5. Nd2 Nd6 6. e4 g6 7. a4 Bg7 8. Bd3 Na6 9. Qe2 Nb4 10. Bb1 e5 11. Nh3 0-0 12. 0-0 f5 13. f4 fxe4 14. Ra3 Nd3 15. Bxd3 exd3 16. Qxd3 Qc7 17. fxe5 Rxf1+ 18. Qxf1 Bxe5 19. Nf3 Nf5 20. g4 Ng7 21. Nxe5 Qxe5 22. Ng5 Qe8 23. Re3 Qf8 24. Rf3 Qe8 25. Ne4 1-0